000 00704nam a22001457a 4500
999 _c63532
_d63532
003 Ge_BSU
005 20251031155044.0
008 251027s1997 ge ||||| |||| 00| 0 geo d
041 _ageo
080 _a657.15 ბ-98
245 _aბუღალტრული აღრიცხვის საერთაშორისო სტანდარტების შესავალი :
_bფინანსური ანგარიშგების მომზადებისა და წარდგენის სტრუქტურულ საფუძვლები.
264 _aთბილისი,
_c1997.
300 _a50 გვ.;
_b21 სმ.
942 _2udc
_cᲬᲘᲒᲜᲘ